000 00394 a2200169 4500
001 13819
020 _a9788562832031
040 _cAnchieta - Aquarius
100 _aBrasileiro, Jonar
240 1 0 _aCartinha da terra
_lpor
245 1 0 _aCartinha da terra
300 _a36
362 0 _a2009
440 1 _aHumanidade Editora e Projetos
650 4 _aLiteratura infanto-juvenil
942 _cBK
999 _c13819
_d13819